LEADER 02109nam 2200481 450 001 9910165038903321 005 20200520144314.0 010 $a1-119-33708-9 035 $a(CKB)3710000001064720 035 $a(MiAaPQ)EBC4815068 035 $a(Au-PeEL)EBL4815068 035 $a(CaPaEBR)ebr11354747 035 $a(CaONFJC)MIL992674 035 $a(OCoLC)975224818 035 $a(EXLCZ)993710000001064720 100 $a20161206h20172017 uy| 0 101 0 $aeng 135 $aurcnu|||||||| 181 $2rdacontent 182 $2rdamedia 183 $2rdacarrier 200 10$aHealth care information systems $ea practical approach for health care management /$fKaren A. Wager, Frances Wickham Lee, John P. Glaser 205 $aFourth edition. 210 1$aSan Francisco, CA :$cJossey-Bass & Pfeiffer/Wiley,$d[2017] 210 4$dİ2017 215 $a1 online resource (611 pages) $ccolor illustrations 311 $a1-119-33718-6 320 $aIncludes bibliographical references and index. 327 $aThe national health information technology landscape -- Health care data -- Health care information systems -- Information systems to support population health management -- System acquisition -- System implementation and support -- Assessing and achieving value in health care information systems -- Organizing information technology services -- Privacy and security of health information -- Performance standards and measures -- Health care information system standards -- IT alignment and strategic planning -- IT governance and management -- Health IT leadership case studies. 606 $aHealth services administration$vCase studies 608 $aElectronic books. 615 0$aHealth services administration 676 $a610.68 700 $aWager$b Karen A.$f1961-$0864409 702 $aLee$b Frances Wickham$f1953- 702 $aGlaser$b John P$g(John Patrick),$f1955- 801 0$bMiAaPQ 801 1$bMiAaPQ 801 2$bMiAaPQ 906 $aBOOK 912 $a9910165038903321 996 $aHealth care information systems$92070906 997 $aUNINA